000 00190 a2200097 4500
020 _a9786071662002
041 _aspa
100 _aKipling, Rudyard
245 _aRikki-Tikki-Tavi
942 _cBK
999 _c29809
_d29807